| 000 | 00756nam a2200265Ia 4500 | ||
|---|---|---|---|
| 003 | OSt | ||
| 005 | 20220928125421.0 | ||
| 006 | a|||||r|||| 00| 0 | ||
| 007 | ta | ||
| 008 | 220927b |||||||| |||| 00| 0 eng d | ||
| 024 | _a41559 | ||
| 037 | _cTextual | ||
| 040 |
_aSDCL _cSDCL _beng |
||
| 041 |
_2eng _aeng |
||
| 082 | _aXM8.1'N7, L7 | ||
| 100 |
_aRobock Stefan H _9469513 |
||
| 245 | 0 | _aInternational business and multinational enterprises | |
| 250 | _aRev | ||
| 260 |
_aHomewood _bRichard D Irwin _c1977 |
||
| 300 |
_axvii,738p _ccm. |
||
| 700 |
_a Simmonds Kenneth _9469514 |
||
| 700 |
_a Zwick Jack _9365638 |
||
| 942 |
_hXM8.1'N7, L7 _cTEXL _2CC |
||
| 999 |
_c782179 _d782179 |
||